| 000 | 00648cam a2200217 4500 | ||
|---|---|---|---|
| 001 | WB3334-02 | ||
| 008 | 090401t1997 xxu||||| |||| 00| 0 eng d | ||
| 035 | _a(Sirsi) u98618 | ||
| 041 | _aeng | ||
| 245 | _aWimpey increases profits | ||
| 260 | _c1997 | ||
| 350 | _a0 | ||
| 490 |
_aFinancial Times _v3 September 1997, 29(1) |
||
| 520 | _aWimpey has made pre-tax profits of £21.8m compared with a £8.6m loss last year following its asset swap with Tarmac. Wimpey intends to increase its land bank. | ||
| 650 | _aLAND BANK | ||
| 650 | _aRESULTS | ||
| 650 | _aWIMPEY | ||
| 690 | _aBUILT ENVIRONMENT | ||
| 942 | _n0 | ||
| 948 | _c03/09/1997 | ||
| 999 |
_c99188 _d99188 |
||